Statistics for Premier League Winning 'K' Players

Click here to take the quiz!

General Stats

  • This quiz has been taken 19 times
  • The average score is 5 of 12

Answer Stats

MedalsYearsAnswer% Correct
71994,1996,1997,1999,2000,2001,2003Roy Keane
88%
22016,2017N'Golo Kante
69%
42012,2014,2018,2019Vincent Kompany
63%
21993,1994Andrei Kanchelskis
50%
22002,2004Nwankwo Kanu
44%
31998,2002,2004Martin Keown
44%
12016Andy King
44%
12013Shiniji Kagawa
31%
22012.2014Aleksandar Kolarov
25%
12010Salomon Kalou
19%
12005Mateja Kezman
13%
32007,2008,2011Tomasz Kuszczak
6%

Score Distribution

Percentile by Number Answered

Percent of People with Each Score

Your Score History

You have not taken this quiz